000 00551nam a2200217Ia 4500
005 20250718145530.0
008 008 250715s9999 xx 000 0 eng d
020 _a978-1-108-98665-6 (pbk)
037 _aTextual
040 _aFLL
_cFLL
041 _aeng
_2eng
084 _aZ1, R2
_qFLL
100 _aJOHNS Leslie
_9816144
245 0 _aPolitics and international law
250 _a1st
260 _bU.K. Combridge University U.K.
_c2022
300 _axxi,560 ill.
365 _b4263
942 _cTEXL
999 _c1434139
_d1434139